[Event "Madrid Codes Memorial 5th"]
[Site "Madrid"]
[Date "2011.05.08"]
[Round "4"]
[White "Cepas Castillo, Juan Carlos"]
[Black "Rollano Carcajona, Ruben"]
[Result "1/2-1/2"]
[WhiteElo "1584"]
[BlackElo "1737"]
[PlyCount "71"]
[EventDate "2011.04.10"]
[EventType "swiss"]
[EventRounds "9"]
[EventCountry "ESP"]
[SourceTitle "EXT 2013"]
[Source "ChessBase"]
[SourceDate "2012.11.22"]
[SourceVersion "1"]
[SourceVersionDate "2012.11.22"]
[SourceQuality "1"]

1. Nf3 Nf6 2. g3 g6 3. Bg2 Bg7 4. 0-0 0-0 5. d4 d5 6. Nbd2 Nbd7 7. c4 c6 8. b3 Qc7 9. Bb2 Re8 10. Re1 Nf8 11. Rc1 Qa5 12. Bc3 Qb6 13. Ne5 N8d7 14. Ndf3 Ne4 15. Nxd7 Bxd7 16. cxd5 Nxc3 17. Rxc3 cxd5 18. e3 Bf5 19. Qd2 Rac8 20. Rec1 Rxc3 21. Rxc3 Be4 22. Ne1 Bxg2 23. Kxg2 e5 24. dxe5 Bxe5 25. Rd3 d4 26. exd4 Bxd4 27. Rxd4 Rxe1 28. Rd8+ Kg7 29. Qd4+ Qxd4 30. Rxd4 Re6 31. a4 h5 32. h4 Kf6 33. Kf3 Ke7 34. Re4 Kd6 35. Rxe6+ Kxe6 36. Ke4 1/2-1/2

[Event "Madrid Codes Memorial 5th"]
[Site "Madrid"]
[Date "2011.04.17"]
[Round "2"]
[White "Navas Hernando, Oscar"]
[Black "Cepas Castillo, Juan Carlos"]
[Result "1-0"]
[WhiteElo "1844"]
[BlackElo "1584"]
[PlyCount "91"]
[EventDate "2011.04.10"]
[EventType "swiss"]
[EventRounds "9"]
[EventCountry "ESP"]
[SourceTitle "EXT 2013"]
[Source "ChessBase"]
[SourceDate "2012.11.22"]
[SourceVersion "1"]
[SourceVersionDate "2012.11.22"]
[SourceQuality "1"]

1. e4 e5 2. Bc4 Nf6 3. d3 d5 4. exd5 Nxd5 5. Nf3 Nc6 6. c3 Be7 7. 0-0 Nb6 8. Bb3 Bf5 9. d4 exd4 10. Nxd4 Nxd4 11. cxd4 0-0 12. Nc3 c6 13. Be3 Qc7 14. Rc1 Qd7 15. Qh5 Bg6 16. Qf3 Rac8 17. Rfd1 Qf5 18. Qxf5 Bxf5 19. d5 Nxd5 20. Nxd5 cxd5 21. Bxd5 b6 22. Bb7 Rxc1 23. Rxc1 Rd8 24. Bf3 Rc8 25. Rd1 g6 26. h3 Rd8 27. Re1 Bf6 28. b3 Rc8 29. Bd5 Rc2 30. Bh6 Bd7 31. a4 Rc8 32. Bc4 Re8 33. Rd1 Be6 34. Bxe6 Rxe6 35. Rd7 a5 36. Be3 Bc3 37. Rb7 Kg7 38. g3 Rd6 39. Bxb6 Rd1+ 40. Kg2 Rb1 41. h4 Bb4 42. Bd8 Rb2 43. Rb6 Rxb3 44. Rb5 Rb2 45. Bxa5 Ba3 46. Bc3+ 1-0

[Event "Madrid Oliver Gonzalez Memorial 1st"]
[Site "Madrid"]
[Date "2010.10.09"]
[Round "1"]
[White "Blanco Sanchez, Jose Fernando"]
[Black "Cepas Castillo, Juan Carlos"]
[Result "1-0"]
[WhiteElo "2123"]
[BlackElo "1594"]
[PlyCount "45"]
[EventDate "2010.10.09"]
[EventType "swiss"]
[EventRounds "9"]
[EventCountry "ESP"]
[SourceTitle "CBM 138 Extra"]
[Source "ChessBase"]
[SourceDate "2010.10.29"]
[SourceVersion "1"]
[SourceVersionDate "2010.10.29"]
[SourceQuality "1"]

1. e4 c6 2. c4 d5 3. cxd5 cxd5 4. exd5 Nf6 5. Bb5+ Bd7 6. Qb3 Bxb5 7. Qxb5+ Qd7 8. Qxd7+ Nbxd7 9. Nc3 Nb6 10. d6 exd6 11. Nf3 Be7 12. d3 0-0 13. Bg5 Nbd5 14. Kd2 h6 15. Nxd5 Nxd5 16. Bxe7 Nxe7 17. Nd4 Nc6 18. Nf5 d5 19. Rae1 Rfe8 20. b3 b6 21. Rxe8+ Rxe8 22. Rc1 Re6 23. Rxc6 1-0

[Event "Madrid San Viator op 13th"]
[Site "Madrid"]
[Date "2009.10.25"]
[Round "5"]
[White "Aburto Renovales, Rafael"]
[Black "Cepas Castillo, Juan Carlos"]
[Result "1/2-1/2"]
[WhiteElo "1541"]
[BlackElo "1602"]
[PlyCount "150"]
[EventDate "2009.09.27"]
[EventType "swiss"]
[EventRounds "9"]
[EventCountry "ESP"]
[SourceTitle "EXT 2010"]
[Source "ChessBase"]
[SourceDate "2010.11.25"]
[SourceVersion "1"]
[SourceVersionDate "2010.11.25"]
[SourceQuality "1"]

1. e4 c6 2. d3 d5 3. Nc3 dxe4 4. Nxe4 Bf5 5. Ng3 Bg6 6. Nf3 Nd7 7. Be2 Ngf6 8. Nd4 e6 9. f4 Qa5+ 10. Bd2 Qd5 11. Nf3 Bc5 12. Bc3 0-0 13. Qd2 Rad8 14. d4 Bb6 15. b3 Ne4 16. Nxe4 Qxe4 17. 0-0-0 c5 18. Nh4 Qc6 19. Nxg6 hxg6 20. Bf3 Qc7 21. d5 exd5 22. Bxd5 Nf6 23. Be5 Qc8 24. Bxf6 gxf6 25. c4 Qf5 26. h3 Bc7 27. Rhf1 Qh5 28. Rf3 b6 29. g4 Qh8 30. Qd3 f5 31. gxf5 Qa1+ 32. Qb1 Qxb1+ 33. Kxb1 gxf5 34. Rg1+ Kh7 35. Rg5 Rd7 36. Rfg3 Bxf4 37. Rg7+ Kh8 38. Rg1 Bh6 39. R7g2 Kh7 40. Kc2 Rd6 41. Re1 Rd7 42. Re5 f4 43. Kd3 Rg8 44. Rg4 Rxg4 45. hxg4 Kg6 46. Rf5 Bg5 47. Ke4 Re7+ 48. Kf3 f6 49. Be4 Kg7 50. Rd5 Kf7 51. Rf5 Rd7 52. Bd5+ Ke7 53. a3 Rd8 54. b4 cxb4 55. axb4 a5 56. c5 bxc5 57. bxa5 Rd6 58. Bc4 Kd7 59. Rxc5 Rc6 60. Rxc6 Kxc6 61. a6 Kb6 62. Ke4 Bh6 63. Kd5 Bg5 64. Ke4 Ka7 65. Kf5 Kb6 66. Ke4 Ka7 67. Kd5 Bh4 68. Kc6 Bg5 69. Kb5 Bh4 70. Be2 Bg5 71. Bd3 Bh4 72. Be2 Bg5 73. Kc4 Bh4 74. Kd5 Bg5 75. Ke4 Kb6 1/2-1/2

[Event "Collado Villalba op-B 26th"]
[Site "Collado Villalba"]
[Date "2009.08.21"]
[Round "1"]
[White "Cepas Castillo, Juan Carlos"]
[Black "Balsinde Montemayor, Pablo"]
[Result "0-1"]
[WhiteElo "1618"]
[BlackElo "1827"]
[PlyCount "59"]
[EventDate "2009.08.21"]
[EventType "swiss"]
[EventRounds "9"]
[EventCountry "ESP"]
[SourceTitle "EXT 2011"]
[Source "ChessBase"]
[SourceDate "2010.11.26"]
[SourceVersion "1"]
[SourceVersionDate "2010.11.26"]
[SourceQuality "1"]

1. e4 d6 2. d4 Nf6 3. Nc3 e5 4. dxe5 dxe5 5. Qxd8+ Kxd8 6. Bd2 Be6 7. 0-0-0 Nbd7 8. Nf3 c6 9. Ng5 Ng4 10. Nxe6+ fxe6 11. Be1 Bc5 12. Rd2 b5 13. h3 Ngf6 14. f3 Be3 15. Be2 Bxd2+ 16. Bxd2 Nh5 17. Rd1 Kc7 18. Be3 h6 19. a3 a6 20. b4 Rhd8 21. Rg1 Ng3 22. Bd1 Nf6 23. f4 Nfxe4 24. Nxe4 Nxe4 25. Bf3 exf4 26. Bxf4+ Nd6 27. Re1 Re8 28. Bg3 Rad8 29. Bh5 Re7 30. Bg6 0-1

[Event "Madrid Low cost Cup"]
[Site "Madrid"]
[Date "2009.08.10"]
[Round "5"]
[White "Cepas Castillo, Juan Carlos"]
[Black "Vidal Herrero, Vior Pablo"]
[Result "1-0"]
[WhiteElo "1618"]
[BlackElo "1752"]
[PlyCount "74"]
[EventDate "2009.08.03"]
[EventType "swiss"]
[EventRounds "8"]
[EventCountry "ESP"]
[SourceTitle "CBM 131 Extra"]
[Source "ChessBase"]
[SourceDate "2009.09.03"]
[SourceVersion "2"]
[SourceVersionDate "2009.09.16"]
[SourceQuality "1"]

1. e4 c5 2. Nc3 Nc6 3. g3 e6 4. Bg2 d6 5. d3 Nf6 6. f4 Be7 7. Nf3 a6 8. 0-0 0-0 9. h3 Qc7 10. Be3 Rb8 11. g4 g6 12. g5 Nh5 13. Ne2 d5 14. e5 Ng7 15. Ng3 d4 16. Bd2 Bd8 17. Nh2 Ne7 18. Ng4 Ngf5 19. Nf6+ Kh8 20. Nxf5 Nxf5 21. Be4 Ng3 22. Rf2 Nxe4 23. dxe4 Bxf6 24. gxf6 b5 25. Qg4 Bb7 26. Qg5 Bxe4 27. Qh6 Rg8 28. Kh2 Qd8 29. Be1 c4 30. Rd1 Qf8 31. Qxf8 Rgxf8 32. Rxd4 Bd5 33. Bb4 Rg8 34. h4 Ra8 35. Bd6 Rac8 36. c3 a5 37. Kh3 Rb8 1-0